¡Mierda llegue a los 50! /
Gardado en:
| Autor Principal: | |
|---|---|
| Formato: | Electrónico eBook |
| Idioma: | Lingua castelá |
| Publicado: |
Bogotá, Colombia :
Intermedio Editores,
[2007]
|
| Subjects: | |
| Acceso en liña: | Digitalia Hispánica |
| Tags: |
Engadir etiqueta
Sen Etiquetas, Sexa o primeiro en etiquetar este rexistro!
|
MARC
| LEADER | 00000nam a2200000Ii 4500 | ||
|---|---|---|---|
| 001 | DIGINTRMED0038 | ||
| 003 | NyNyDIG | ||
| 008 | 230721s2007 ck o 000 1 spa d | ||
| 006 | m o d | ||
| 007 | cr ||||||||||| | ||
| 035 | |a (OCoLC)654498821 | ||
| 040 | |a DGITA |b eng |e rda |e pn |c DGITA | ||
| 020 | |a 9789587573541 |q eBook | ||
| 020 | |z 9789587095432 | ||
| 050 | 1 | 4 | |a PQ8180.418.U43 ebook |
| 100 | 1 | |a Humar, Yamile, |e author. | |
| 245 | 1 | 0 | |a ¡Mierda llegue a los 50! / |c Yamile Humar. |
| 246 | 3 | |a Mierda llegue a los 50 | |
| 246 | 3 | |a Mierda llegue a los cincuenta | |
| 264 | 1 | |a Bogotá, Colombia : |b Intermedio Editores, |c [2007] | |
| 300 | |a 1 online resource. | ||
| 336 | |a text |b txt |2 rdacontent | ||
| 337 | |a computer |b c |2 rdamedia | ||
| 338 | |a online resource |b cr |2 rdacarrier | ||
| 347 | |a text file |2 rdaft | ||
| 347 | |b EPUB | ||
| 588 | 0 | |a Online resource; title from ePub title page (Digitalia, viewed July 21, 2023) | |
| 650 | 0 | |a Old age. | |
| 655 | 7 | |a Anecdotes. |2 lcgft | |
| 776 | 0 | 8 | |i Print version: |a Humar, Yamile. |t Mierda llegue a los 50. |d Bogotá, Colombia : Intermedio Editores, [2007] |z 9587095432 |
| 791 | 2 | |a Digitalia (Firm), |e distributor. | |
| 793 | 0 | |g Digitalia eBook Collection: |a Intermedio Editores | |
| 856 | 4 | 0 | |3 Digitalia Hispánica |u https://digitalia.unach.elogim.com/a/52358/ |
| 910 | |a Premium collection: 2023 | ||